Statistiken für Titel im Text - Deutsche Lieder der 1970er

Klicken Sie hier um das Quiz zu spielen!

Allgemein

  • Dieses Quiz wurde 189 mal gespielt
  • Das Durchschnittsergebnis liegt bei 8 aus 20

Antwortstatistiken

Textquiz% Korrekt
{Über} {den} {Wolken} / Muss die Freiheit wohl grenzenlos sein / Alle Ängste, alle Sorgen / Sagt man /
Blieben darunter verborgen
96%
{Über} {sieben} {Brücken} {musst} {du} {gehen} / Sieben dunkle Jahre überstehen / Siebenmal wirst du die Asche sein / Aber einmal auch der helle Schein
80%
{Er} {gehört} {zu} {mir} / Wie mein Name an der Tür / Und ich weiß, er bleibt hier
76%
{Ein} {Bett} {im} {Kornfeld}, das ist immer frei / Denn es ist Sommer und was ist schon dabei? /
Die Grillen singen und es duftet nach Heu / Wenn ich träume
70%
{Du} {hast} {den} {Farbfilm} {vergessen}, mein Michael / Nun glaubt uns kein Mensch, wie schön's hier war haha, haha
59%
{Moskau} / Fremd und geheimnisvoll / Türme aus rotem Gold / Kalt wie das Eis
56%
{Am} {Tag}, {als} {Conny} {Kramer} {starb} und alle Glocken klangen / {Am} {Tag}, {als} {Conny} {Kramer} {starb} und alle Freunde weinten um ihn / Das war ein schwerer Tag, weil in mir eine Welt zerbrach
55%
{Du} {kannst} {nicht} {immer} {17} {sein} / Liebling, das kannst Du nicht / Aber das Leben wird Dir noch geben /
Was es mit 17 dir verspricht
53%
Du bist alles für mich, denn ich liebe nur dich / {Michaela} / Und mit dir ganz allein will ich nur glücklich sein / {Michaela}
47%
Und der Pfarrer begrub sie mit rührenden Worten / Dass der Herrgott den Weg in den Himmel ihr bahne /
{Aber} {bitte} {mit} {Sahne}
41%
Vor uns liegt ein weites Tal / Die Sonne scheint mit Glitzerstrahl / Wir fahren, fahren, fahren auf der {Autobahn}
40%
{Schöne} {Maid}, hast du heut' für mich Zeit / Hojahojaho /
Sag bitte ja, dann bin ich nur für dich da / Oh bitte, Hojahojaho
33%
{Der} {Junge} {mit} {der} {Mundharmonika} / Singt von dem was einst geschah / In silbernen Träumen von der Barke mit der gläsernen Fracht / Die in sternklarer Nacht / Deiner Einsamkeit entflieht
30%
{Alt} {wie} {ein} {Baum} möchte ich werden / Genau wie der Dichter es beschreibt /
{Alt} {wie} {ein} {Baum} mit einer Krone die weit, weit, weit, weit / Die weit über Felder zeigt
26%
{Es} {fährt} {ein} {Zug} {nach} {Nirgendwo} / Mit mir allein als Passagier /
Mit jeder Stunde, die vergeht / Führt er mich weiter weg von dir
26%
{Ich} {wünsch}' {mir} {ne} {kleine} {Miezekatze} für mein Wochenendhaus. /
Der schenke ich eine Luftmatraze und eine Spielzeugmaus.
24%
Aber du sagst nur dass es nicht geht / Weil irgendetwas zwischen euch steht / {Und} {dabei} {liebe} {ich} {euch} {beide} / Denn ich bin doch euer Kind
12%
Einmal fassen, tief im Blute fühlen / Dies ist mein und es ist nur durch dich /
Nicht die Stirne mehr {am} {Fenster} kühlen / Dran ein Nebel schwer vorüber strich
7%
{Theo}, {wir} {fahren} {nach} {Lodz} / Da fassen wir das Glück beim Schopf / Und hauen alles auf den Kopf
5%
{La} {Paloma}, {adé}! / Wie die wogende See /
So ist das Leben ein Kommen und Gehn / Und wer kann es je verstehn?
2%

Verteilung der Resultate

Perzentil nach korrekt beantworteten Fragen

Anzahl Personen mit jedem Resultat

Ihre Resultats-Entwicklung

Sie haben dieses Quiz noch nicht gespielt